000 00209 a2200097 4500
001 40268
100 _a
245 _aThermodynamics
260 _aLahore
_bW Pakistan Publications Co.
_c
090 _c25029
_d25029
942 _aNUST-CAE
_c
_c16702
999 _c275341
_d275341